[Event "11. Online Aktivschach WM"]
[Site "Schachcomputer.info"]
[Date "2014.12.18"]
[Round "2.10"]
[White "Genius 68030, Mephisto"]
[Black "Magellan, Mephisto"]
[Result "0-1"]
[WhiteElo "2340"]
[BlackElo "2236"]
[PlyCount "148"]

1. e4 c5 2. Nf3 d6 3. d4 cxd4 4. Nxd4 Nf6 5. Nc3 a6 6. Bg5 e6 7. f4 Be7 8. Qf3
Qc7 9. O-O-O Nbd7 10. g4 Nc5 11. f5 Nd5 12. Bxe7 Nxc3 13. Qxc3 Qxe7 14. Nf3 O-O
15. e5 dxe5 16. Qxe5 Nd7 17. Qd4 Nc5 18. Qf4 exf5 19. gxf5 Qe4 20. Qxe4 Nxe4
21. Rd5 Nf6 22. Re5 Ng4 23. Re7 Bxf5 24. Nd4 Bg6 25. Be2 Rad8 26. c3 Nf6 27.
Re1 Be4 28. Bc4 b5 29. Bb3 Bd5 30. Ra7 Ra8 31. Rae7 h6 32. Rg1 Bxb3 33. axb3
Rfe8 34. Rc7 Nd5 35. Rd7 Nf4 36. Rf1 Nd3+ 37. Kd2 Ne5 38. Rb7 g6 39. Rb6 Red8
40. h4 Rd5 41. Kc2 Kg7 42. Ra1 Rc8 43. Rd1 Ng4 44. Kd2 Nf2 45. Re1 Ra8 46. Ke3
Ng4+ 47. Kf4 Nf6 48. Rb7 g5+ 49. Kg3 Re8 50. Rxe8 gxh4+ 51. Kh3 Nxe8 52. Ra7
Kg6 53. Rxa6+ Kh5 54. Ra8 Nd6 55. Rd8 b4 56. Rd7 f6 57. Rd8 f5 58. Rb8 bxc3 59.
bxc3 Re5 60. Rb6 Ne4 61. c4 Ra5 62. Rb5 Ra2 63. Nf3 Nf2+ 64. Kg2 Nd3+ 65. Kg1
h3 66. Nd4 Rg2+ 67. Kf1 Rf2+ 68. Kg1 Kg4 69. Rb6 h2+ 70. Kh1 Ne5 71. Rf6 Kh3
72. Rxh6+ Kg3 73. Nxf5+ Rxf5 74. Rh3+ Kxh3 0-1

[Event "11. Online Aktivschach WM"]
[Site "Schachcomputer.info"]
[Date "2015.01.04"]
[Round "2.11"]
[White "Revelation Deep Sjeng 1.8"]
[Black "London 68000, Mephisto"]
[Result "0-1"]
[WhiteElo "2321"]
[BlackElo "2166"]
[PlyCount "113"]

1. e4 e5 2. Nf3 Nf6 3. d4 Nxe4 4. Bd3 d5 5. Nxe5 Bd6 6. O-O O-O 7. c4 Bxe5 8.
dxe5 Nc6 9. cxd5 Qxd5 10. Qc2 Nb4 11. Bxe4 Nxc2 12. Bxd5 Bf5 13. g4 Bxg4 14.
Be4 Nxa1 15. Bf4 f5 16. Bd5+ Kh8 17. Rc1 c6 18. Bg2 Rad8 19. Nc3 Nb3 20. axb3
Rfe8 21. Ra1 a6 22. f3 Bh5 23. Ra4 h6 24. h4 Rd3 25. Kf2 Kh7 26. Rb4 b5 27. Ke2
Rxc3 28. bxc3 c5 29. Rd4 cxd4 30. cxd4 Bf7 31. b4 Bd5 32. Bh3 g6 33. Bd2 Rc8
34. Ke3 Kg7 35. Bf1 Kf7 36. Bd3 Ke6 37. Kf2 Bc4 38. Bc2 Rd8 39. Bc3 a5 40. bxa5
b4 41. Bxb4 Rxd4 42. h5 Rh4 43. hxg6 Rh2+ 44. Kg3 Rxc2 45. f4 Bd5 46. Kh3 Rf2
47. g7 Kf7 48. a6 Kxg7 49. Bd6 Ra2 50. Bc5 Rxa6 51. Kh2 Rg6 52. Bd4 Rg2+ 53.
Kh3 Rd2 54. Bb6 Rd3+ 55. Kh2 Rf3 56. Bc7 Kf7 57. e6+ 0-1

[Event "11. Online Aktivschach WM"]
[Site "Schachcomputer.info"]
[Date "2014.12.21"]
[Round "2.12"]
[White "Citrine 30 MHz, Novag"]
[Black "Risc 1MB, Mephisto"]
[Result "0-1"]
[WhiteElo "2100"]
[BlackElo "2259"]
[PlyCount "100"]

1. e4 e5 2. Nf3 Nc6 3. Bb5 a6 4. Ba4 Nf6 5. O-O Be7 6. Re1 b5 7. Bb3 O-O 8. c3
d5 9. exd5 Nxd5 10. Nxe5 Nxe5 11. Rxe5 c6 12. d4 Bd6 13. Re2 Qh4 14. g3 Qh3 15.
Nd2 Bf5 16. Ne4 Bxe4 17. Rxe4 Rfe8 18. Rh4 Qe6 19. Bc2 Qe1+ 20. Kg2 Qxd1 21.
Bxd1 f5 22. Bb3 Re1 23. c4 bxc4 24. Bxc4 a5 25. f3 Rae8 26. Kf2 a4 27. Rb1 g6
28. Ra1 h5 29. Rb1 Kh8 30. Ra1 Bb4 31. Bf1 Bd2 32. Bxd2 Rxa1 33. Bc4 Kg7 34.
Bxd5 cxd5 35. a3 Rd1 36. Bc3 Kf6 37. h3 Rc1 38. f4 Rc2+ 39. Kg1 Ree2 40. Kf1
Rh2 41. Kg1 Rhg2+ 42. Kf1 Rxg3 43. Bb4 Rxb2 44. Be1 Rxa3 45. Kg1 Ra1 46. Kf1 a3
47. Rg4 a2 48. Rxg6+ Kxg6 49. h4 Rxe1+ 50. Kxe1 a1=R# 0-1

[Event "11. Online Aktivschach WM"]
[Site "Schachcomputer.info"]
[Date "2015.01.06"]
[Round "3.1"]
[White "Elite V11, Fidelity"]
[Black "Risc 2500, Saitek"]
[Result "1/2-1/2"]
[WhiteElo "2331"]
[BlackElo "2241"]
[PlyCount "109"]

1. d4 Nf6 2. c4 e6 3. Nf3 b6 4. a3 Bb7 5. Nc3 d5 6. cxd5 Nxd5 7. e3 Nd7 8. Bd3
c5 9. O-O Nxc3 10. bxc3 Qc7 11. e4 Be7 12. Qa4 cxd4 13. cxd4 Bc6 14. Qc2 Rc8
15. Ba6 Ba8 16. Qe2 Bb7 17. Bd2 O-O 18. Rac1 Qb8 19. a4 Ba3 20. Rxc8 Rxc8 21.
Bd3 Qc7 22. Rb1 Be7 23. Qe3 Qd8 24. a5 Qc7 25. a6 Bc6 26. Rc1 Ba3 27. Rc3 Be7
28. d5 Bc5 29. Rxc5 Nxc5 30. dxc6 Nxd3 31. Qxd3 Qxc6 32. e5 Qc4 33. Qa3 Rc5 34.
h3 Qb5 35. Be3 Rc8 36. Kh2 h6 37. g3 Rc7 38. Kg2 Rc2 39. Qe7 Qd3 40. Bxb6 axb6
41. Qe8+ Kh7 42. Qxf7 Qd5 43. Qb7 Qc5 44. Qe4+ Kg8 45. Qa8+ Kf7 46. Qb7+ Ke8
47. Qb8+ Kd7 48. Qb7+ Kd8 49. Qb8+ Ke7 50. Qb7+ Kf8 51. Qb8+ Kf7 52. Qb7+ Kg8
53. Qa8+ Qc8 54. Qb7 Qc5 55. Qa8+ 1/2-1/2

[Event "11. Online Aktivschach WM"]
[Site "Schachcomputer.info"]
[Date "2015.01.16"]
[Round "3.2"]
[White "Star Diamond, Novag"]
[Black "Resurrection Ruffian"]
[Result "0-1"]
[WhiteElo "2180"]
[BlackElo "2377"]
[PlyCount "105"]

1. c4 e5 2. Nc3 Nf6 3. Nf3 Nc6 4. g3 Nd4 5. Bg2 Nxf3+ 6. Bxf3 Bc5 7. O-O O-O 8.
Na4 Be7 9. d4 e4 10. Bg2 d5 11. Nc3 c6 12. Qa4 dxc4 13. Rd1 Bf5 14. Qc2 Re8 15.
Nxe4 Qd5 16. f3 Kf8 17. Qa4 Nxe4 18. fxe4 Bxe4 19. Bxe4 Qxe4 20. Qxc4 Bd6 21.
Rf1 Re6 22. Qb3 Rae8 23. Qxb7 R6e7 24. Qa6 Qxd4+ 25. e3 Qd5 26. Qe2 Bc5 27. Rf3
Rd7 28. Qf1 Qe4 29. Qe2 Rd3 30. Kf2 Red8 31. b3 Qb4 32. Kg1 Qc3 33. Bb2 Rxe3
34. Bxc3 Rxe2+ 35. Kh1 Rd5 36. a4 f6 37. b4 Bd6 38. Rb1 Ra2 39. a5 Re2 40. h3
a6 41. Kg1 c5 42. bxc5 Bxc5+ 43. Kf1 Rh2 44. Re1 Rxh3 45. Kg2 Rhh5 46. g4 Rhg5
47. Kh3 h5 48. gxh5 Rxh5+ 49. Kg2 Rhg5+ 50. Kh3 Bd6 51. Rfe3 Rg6 52. Bxf6 gxf6
53. Kh4 {Weiß gibt auf} 0-1

[Event "11. Online Aktivschach WM"]
[Site "Schachcomputer.info"]
[Date "2015.01.15"]
[Round "3.3"]
[White "CM 32 MHz Gideon 3.1, Tasc"]
[Black "R30 V2.23, Tasc"]
[Result "0-1"]
[WhiteElo "2377"]
[BlackElo "2369"]
[PlyCount "104"]

1. e4 e5 2. Nf3 Nc6 3. Bb5 Nf6 4. O-O Bc5 5. Nxe5 Nxe4 6. Qe2 Nxe5 7. Qxe4 Qe7
8. d4 Nc6 9. Qg4 f5 10. Qh5+ g6 11. Qd1 Nxd4 12. b4 Bb6 13. c4 O-O 14. Re1 Qg7
15. Bb2 Nf3+ 16. Qxf3 Qxb2 17. Nc3 Bxf2+ 18. Qxf2 Qxc3 19. Rab1 c6 20. Ba4 b6
21. Bb3 Kh8 22. Re7 g5 23. Qe2 Qf6 24. Re1 c5 25. Qh5 h6 26. b5 g4 27. Bc2 d6
28. Re8 Bd7 29. R8e7 Rad8 30. a4 Bc8 31. Bb3 Kg8 32. a5 bxa5 33. Kh1 Bd7 34. h4
Kh8 35. Bc2 a4 36. Bxa4 f4 37. Bc2 f3 38. Rh7+ Kg8 39. g3 Rde8 40. Rf1 Re5 41.
Qxh6 Qxh6 42. Rxh6 Be6 43. Bd3 Re3 44. Kg1 Kg7 45. Rh7+ Kf6 46. Rh6+ Ke5 47.
Rxe6+ Kxe6 48. Bb1 d5 49. cxd5+ Kxd5 50. Bg6 c4 51. Bh5 c3 52. Bxg4 c2 0-1

[Event "11. Online Aktivschach WM"]
[Site "Schachcomputer.info"]
[Date "2015.01.09"]
[Round "3.4"]
[White "R30 Gideon, Tasc"]
[Black "Revelation II Lyon"]
[Result "1/2-1/2"]
[WhiteElo "2313"]
[BlackElo "2295"]
[PlyCount "108"]

1. d4 d5 2. c4 dxc4 3. e4 Nf6 4. e5 Nd5 5. Bxc4 Nb6 6. Bb3 Nc6 7. Nf3 Bg4 8.
Bxf7+ Kxf7 9. Ng5+ Ke8 10. Qxg4 Qxd4 11. Qxd4 Nxd4 12. Na3 e6 13. Be3 Bb4+ 14.
Kf1 Be7 15. Rd1 Nd5 16. Bxd4 Bxg5 17. f3 Rd8 18. Kf2 Bh4+ 19. g3 Be7 20. Nb5 a6
21. Nc3 Rf8 22. Nxd5 Rxd5 23. Ke3 Kf7 24. Bc3 Bc5+ 25. Ke2 c6 26. b4 Bb6 27.
Rd2 Rfd8 28. Rhd1 g6 29. f4 R8d7 30. a4 Bd8 31. g4 Be7 32. h3 b5 33. axb5 axb5
34. Ra1 c5 35. bxc5 Rxd2+ 36. Bxd2 Bxc5 37. Ra2 Rb7 38. Rb2 Ba3 39. Rb3 Be7 40.
Bb4 h5 41. Ke3 Bh4 42. Ke4 hxg4 43. hxg4 Ra7 44. Bc5 Ra5 45. Bd4 Ra4 46. Kd3
Bg3 47. Rxb5 Bxf4 48. Rb7+ Ke8 49. Rg7 g5 50. Rb7 Ra2 51. Rb2 Ra3+ 52. Ke4 Ra4
53. Rb7 Bg3 54. Rb8+ Ke7 1/2-1/2

[Event "11. Online Aktivschach WM"]
[Site "Schachcomputer.info"]
[Date "2015.01.14"]
[Round "3.5"]
[White "Revelation II Vancouver"]
[Black "CM 14 MHz King 2.54, Tasc"]
[Result "1/2-1/2"]
[WhiteElo "2332"]
[BlackElo "2340"]
[PlyCount "74"]

1. d4 Nf6 2. c4 c6 3. Nf3 d5 4. Nc3 e6 5. e3 Nbd7 6. Bd3 Be7 7. O-O {Out of
Book} O-O {Out of Book} 8. Qc2 dxc4 9. Bxc4 b5 10. Bd3 Qa5 11. Bd2 b4 12. Ne4
Ba6 13. Nxf6+ Nxf6 14. a3 Bxd3 15. Qxd3 Qb5 16. Qxb5 cxb5 17. Bxb4 Bxb4 18.
axb4 Nd5 19. Rfc1 Nxb4 20. Rc7 a6 21. Ne5 Rac8 22. Rac1 Rxc7 23. Rxc7 Nd5 24.
Ra7 Nb4 25. g4 f6 26. Nd7 Rc8 27. Nc5 Rc6 28. f4 e5 29. Rd7 exf4 30. exf4 Nc2
31. Ne4 Ne3 32. g5 fxg5 33. Nxg5 g6 34. Rd8+ Kg7 35. Rd7+ Kg8 36. Rd8+ Kg7 37.
Rd7+ Kg8 1/2-1/2

[Event "11. Online Aktivschach WM"]
[Site "Schachcomputer.info"]
[Date "2015.01.06"]
[Round "3.6"]
[White "CM 32 MHz Rebell 1.7, Tasc"]
[Black "Magellan, Mephisto"]
[Result "1-0"]
[WhiteElo "2200"]
[BlackElo "2236"]
[PlyCount "55"]

1. e4 g6 2. d4 Bg7 3. f4 c6 4. Nf3 d6 5. c4 Nf6 6. Bd3 d5 7. e5 Ne4 8. O-O Bf5
9. Nh4 O-O 10. Nxf5 gxf5 11. Nc3 Qd7 12. Be3 Rd8 13. Qh5 Na6 14. cxd5 cxd5 15.
g4 Nb4 16. Bb5 Qc7 17. Rfc1 Qb6 18. gxf5 Nxc3 19. bxc3 Nxa2 20. Rxa2 Qxb5 21.
Rg2 Qd3 22. Kf2 Kh8 23. Qxf7 Bh6 24. f6 e6 25. Qxe6 a5 26. f7 Qa6 27. Qe7 Qb6
28. e6 1-0

[Event "11. Online Aktivschach WM"]
[Site "Schachcomputer.info"]
[Date "2015.01.09"]
[Round "3.7"]
[White "Risc 1MB, Mephisto"]
[Black "Milano Pro, Mephisto"]
[Result "1-0"]
[WhiteElo "2259"]
[BlackElo "2160"]
[PlyCount "152"]

1. e4 e5 2. Nf3 Nf6 3. Nxe5 d6 4. Nf3 Nxe4 5. d4 d5 6. Bd3 Be7 7. O-O Nc6 8. c4
Nb4 9. Be2 O-O 10. Nc3 Be6 11. a3 Nxc3 12. bxc3 Nc6 13. cxd5 Bxd5 14. Re1 Re8
15. Rb1 Bf6 16. Nd2 Na5 17. c4 Be4 18. Nxe4 Rxe4 19. Be3 Bxd4 20. Qd3 Rh4 21.
Rbd1 Nc6 22. g3 Bxe3 23. gxh4 Bd4 24. Qe4 Qf6 25. Bf3 Ne5 26. Kf1 Qxf3 27. Rxd4
Qh3+ 28. Qg2 Qxa3 29. Qxb7 Rf8 30. Qd5 Qh3+ 31. Qg2 Qc3 32. Red1 c5 33. Rd8
Qxc4+ 34. Kg1 Ng6 35. h5 Qh4 36. Rxf8+ Nxf8 37. Ra1 Qe7 38. Qd5 a5 39. Qd2 Qe5
40. Rxa5 Qxh5 41. Ra3 c4 42. h3 Qg6+ 43. Kh2 Qc6 44. Qc1 Ng6 45. Qd2 Qc7+ 46.
Kg1 h6 47. Ra8+ Kh7 48. Qc2 Qc5 49. Ra4 c3 50. Rg4 Kg8 51. Re4 Qc8 52. Kh2 Qc6
53. f4 Nh4 54. Kg1 Nf5 55. Kh2 g6 56. Qa4 Qc5 57. Qe8+ Kg7 58. Qe5+ Qxe5 59.
fxe5 c2 60. Rc4 Nd4 61. Rc7 Kf8 62. Kg2 g5 63. Kf2 h5 64. Ke3 Ne6 65. Rxc2 Nf4
66. h4 Nd5+ 67. Ke4 gxh4 68. Kxd5 Kg7 69. Rc4 h3 70. Rh4 Kg6 71. Rxh3 Kg5 72.
Kd6 Kg6 73. Rg3+ Kh6 74. Ke7 h4 75. Rg1 h3 76. Kxf7 h2 1-0

[Event "11. Online Aktivschach WM"]
[Site "Schachcomputer.info"]
[Date "2015.01.05"]
[Round "3.8"]
[White "London 68000, Mephisto"]
[Black "Atlanta 36 MHz, Mephisto"]
[Result "1/2-1/2"]
[WhiteElo "2166"]
[BlackElo "2310"]
[PlyCount "51"]

1. e4 e5 2. Nf3 Nf6 3. Nxe5 d6 4. Nf3 Nxe4 5. d4 d5 6. Bd3 Nc6 7. O-O Bg4 8. c4
Nf6 9. cxd5 Qxd5 10. Nc3 Qh5 11. Re1+ Be7 12. Be2 O-O 13. h3 Be6 14. Ng5 Qh4
15. Nxe6 fxe6 16. Bc4 Nxd4 17. g3 Nf3+ 18. Qxf3 Qxc4 19. Qxb7 Bc5 20. Be3 Bxe3
21. Rxe3 Rab8 22. Qxa7 Ra8 23. Qb7 Rab8 24. Qa7 Ra8 25. Qb7 Rab8 26. Qa7
1/2-1/2

[Event "11. Online Aktivschach WM"]
[Site "Schachcomputer.info"]
[Date "2015.01.05"]
[Round "3.9"]
[White "R30 V2.2, Tasc"]
[Black "Centurion 40 MHz, Saitek"]
[Result "1-0"]
[WhiteElo "2369"]
[BlackElo "2200"]
[PlyCount "103"]

1. e4 e5 2. Nf3 Nf6 3. Nxe5 d6 4. Nf3 Nxe4 5. d4 d5 6. Bd3 Be7 7. O-O Nc6 8.
Re1 Bg4 9. c3 {Buchende Centurion} Nf6 {Buchende R30} 10. h3 Bh5 11. Bg5 O-O
12. Nbd2 h6 13. Bf4 Bd6 14. Be5 Bxe5 15. dxe5 Nd7 16. g4 Nc5 17. Nb3 Nxd3 18.
Qxd3 Bg6 19. Qb5 Rb8 20. Rad1 Ne7 21. c4 c6 22. Qb4 Qc7 23. Nc5 a5 24. Qc3 Rbd8
25. e6 Rd6 26. Ne5 b6 27. Ncd7 Re8 28. Nxg6 fxg6 29. Qf3 Qd8 30. Qf7+ Kh8 31.
h4 d4 32. Qf4 Rxd7 33. exd7 Qxd7 34. Rxd4 Qc8 35. Qf7 c5 36. Rde4 a4 37. Re6
Kh7 38. R1e4 Qd7 39. h5 g5 40. Rg6 Rg8 41. Ree6 Qxe6 42. Rxe6 Kh8 43. Rxe7 a3
44. Re8 Rxe8 45. Qxe8+ Kh7 46. bxa3 b5 47. cxb5 c4 48. b6 c3 49. Qg6+ Kg8 50.
b7 Kf8 51. b8=Q+ Ke7 52. Qbd6# 1-0

[Event "11. Online Aktivschach WM"]
[Site "Schachcomputer.info"]
[Date "2015.01.07"]
[Round "3.10"]
[White "London 68030, Mephisto"]
[Black "Atlanta, Mephisto"]
[Result "0-1"]
[WhiteElo "2343"]
[BlackElo "2266"]
[PlyCount "149"]

1. e4 c5 2. d4 cxd4 3. c3 dxc3 4. Nxc3 Nc6 5. Bc4 d6 {Buchende London} 6. Nf3
e6 7. O-O Nf6 8. Qe2 Be7 9. Rd1 e5 10. h3 {Buchende Atlanta} O-O 11. Be3 Bd7
12. Rac1 Be6 13. Ng5 Bxc4 14. Qxc4 Rc8 15. Qb5 Qd7 16. Qb3 a6 17. Na4 Na5 18.
Qb4 Rxc1 19. Rxc1 Nc6 20. Qc4 d5 21. exd5 Nxd5 22. Qe4 f5 23. Qc4 Na5 24. Nb6
Nxc4 25. Nxd7 Rd8 26. Rxc4 Nxe3 27. fxe3 Rxd7 28. Nf3 Bf6 29. Kf2 Kf7 30. e4 b5
31. Rb4 fxe4 32. Rxe4 Ke6 33. Ke3 h5 34. g4 hxg4 35. hxg4 g5 36. a4 Kd6 37.
axb5 axb5 38. Rb4 Kc5 39. Re4 Re7 40. Kd3 Kd5 41. Nd2 Rh7 42. Nf1 Rh3+ 43. Ne3+
Kc5 44. b3 Bh8 45. Ke2 Rh2+ 46. Kd3 Rb2 47. Kc3 Ra2 48. Kd3 Ra3 49. Kc2 Ra8 50.
b4+ Kc6 51. Kd2 Rd8+ 52. Ke2 Bf6 53. Nf5 Ra8 54. Ne3 Ra2+ 55. Kd3 Ra3+ 56. Kc2
Bh8 57. Kd2 Kd6 58. Nc2 Rf3 59. Ne3 Ke6 60. Ke2 Rh3 61. Kf2 Rh2+ 62. Kg3 Rb2
63. Nd1 Rb3+ 64. Ne3 Bf6 65. Kf2 Rb2+ 66. Kg3 Be7 67. Kf3 Bxb4 68. Nd1 Rb1 69.
Nf2 Bc5 70. Nd3 Bd4 71. Re1 Rxe1 72. Nxe1 b4 73. Nc2 b3 74. Na3 Kd5 75. Nb1 0-1

[Event "11. Online Aktivschach WM"]
[Site "Schachcomputer.info"]
[Date "2015.01.10"]
[Round "3.11"]
[White "Revelation Diablo"]
[Black "Genius 68030, Mephisto"]
[Result "0-1"]
[WhiteElo "2059"]
[BlackElo "2340"]
[PlyCount "76"]

1. e4 e5 2. Nc3 Nf6 3. g3 Bc5 4. Bg2 O-O 5. Nf3 {Out of Book} d6 {Out of Book}
6. d3 Nc6 7. O-O a6 8. Bg5 h6 9. Bxf6 Qxf6 10. Nd5 Qd8 11. c3 Bg4 12. h3 Be6
13. d4 Ba7 14. Qb3 Rb8 15. Qc4 Qd7 16. Kh2 exd4 17. cxd4 f5 18. e5 dxe5 19.
Nxe5 Nxe5 20. dxe5 c6 21. Rad1 Rbd8 22. Ne3 Bxc4 23. Rxd7 Bxe3 24. Rfd1 Bb6 25.
b3 Be6 26. Rxb7 Rxd1 27. Rxb6 Bc8 28. Rxc6 Rd2 29. Kg1 Bb7 30. Rd6 Rxd6 31.
exd6 Bxg2 32. Kxg2 Rd8 33. Kf3 Rxd6 34. Ke3 Rd1 35. f3 Ra1 36. Kf4 Rxa2 37.
Kxf5 Ra3 38. f4 Rxb3 {Weiß gibt auf} 0-1

[Event "11. Online Aktivschach WM"]
[Site "Schachcomputer.info"]
[Date "2015.01.08"]
[Round "3.12"]
[White "Citrine 30 MHz, Novag"]
[Black "Revelation Deep Sjeng 1.8"]
[Result "0-1"]
[WhiteElo "2100"]
[BlackElo "2321"]
[PlyCount "103"]

1. e4 e5 2. Nf3 Nc6 3. Bb5 a6 4. Ba4 Nf6 5. O-O Nxe4 6. d4 b5 7. Bb3 d5 8. dxe5
Be6 9. c3 Be7 10. Be3 O-O 11. Nbd2 Nxd2 12. Qxd2 Na5 {Buchende weiss} 13. Rfd1
{Buchende schwarz} c6 14. Bc2 Nc4 15. Qd3 g6 16. Bc1 Qc7 17. Re1 Rad8 18. b3
Na3 19. Bd1 Bf5 20. Qe2 Nb1 21. Bb2 b4 22. Nd4 Nxc3 23. Bxc3 bxc3 24. Nxf5 gxf5
25. Qxa6 Bg5 26. Qd3 Bd2 27. Re2 d4 28. Qxf5 d3 29. Re4 Qe7 30. Rg4+ Kh8 31.
Bf3 c2 32. Rc4 Qe6 33. Qxe6 fxe6 34. Bh5 Rf5 35. Bf3 Rxe5 36. Rf1 c1=Q 37.
Rcxc1 Bxc1 38. Rxc1 d2 39. Rf1 Rdd5 40. Bd1 Re1 41. f4 Rd4 42. g3 Rde4 43. a4
Rxf1+ 44. Kxf1 Re1+ 45. Kf2 Rxd1 46. Ke2 Rb1 47. Kxd2 Rxb3 48. g4 Rb4 49. Ke3
Rxa4 50. h3 Ra3+ 51. Kd4 Rxh3 52. Kc5 0-1

[Event "11. Online Aktivschach WM"]
[Site "Schachcomputer.info"]
[Date "2015.01.22"]
[Round "4.1"]
[White "Resurrection Ruffian"]
[Black "Elite V11, Fidelity"]
[Result "1-0"]
[WhiteElo "2377"]
[BlackElo "2331"]
[PlyCount "111"]

1. e4 e5 2. Nf3 Nc6 3. Bb5 a6 4. Ba4 Nf6 5. O-O b5 6. Bb3 Bb7 7. d3 Bc5 8. a4
O-O 9. Nc3 b4 10. Nd5 Na5 11. Ba2 Nxd5 12. exd5 Qf6 13. Bd2 Qd6 14. Re1 f6 15.
Re4 Bxd5 16. Bxb4 Bxb4 17. Bxd5+ Qxd5 18. Rxb4 Rfb8 19. Qd2 Qc5 20. Rxb8+ Rxb8
21. b3 Nc6 22. Re1 d5 23. Kf1 d4 24. Rc1 Qa3 25. Re1 Nb4 26. Qc1 Qa2 27. Re2 c5
28. Ne1 Nc6 29. f4 Rb7 30. fxe5 Nxe5 31. Qf4 Rb8 32. Qf5 Re8 33. Qe4 Qa3 34.
Qd5+ Kf8 35. Qd6+ Kg8 36. Qxa6 h6 37. Qb5 Re7 38. Qb8+ Kh7 39. Qc8 Qb4 40. Qf5+
g6 41. Qc8 Kg7 42. Nf3 Rf7 43. Nd2 Qa3 44. Re1 Qb4 45. Ne4 Ng4 46. Qxc5 Nxh2+
47. Ke2 Qxc5 48. Nxc5 Re7+ 49. Kd1 Kf7 50. Rxe7+ Kxe7 51. a5 Ng4 52. Kd2 Ne5
53. a6 Nc6 54. b4 Kd6 55. Nb3 Kc7 56. b5 1-0

[Event "11. Online Aktivschach WM"]
[Site "Schachcomputer.info"]
[Date "2015.01.21"]
[Round "4.2"]
[White "R30 V2.23, Tasc"]
[Black "Risc 2500, Saitek"]
[Result "1-0"]
[WhiteElo "2369"]
[BlackElo "2241"]
[PlyCount "97"]

1. e4 e5 2. Nf3 Nf6 3. Nxe5 d6 4. Nf3 Nxe4 5. d4 d5 6. Bd3 Bd6 7. O-O O-O 8. c4
c6 9. Qc2 Na6 10. a3 Bg4 11. Bxe4 dxe4 12. Ng5 Bf5 13. Nc3 Re8 14. Re1 Bc7 15.
Qd1 Qd6 16. g3 Qg6 17. h4 c5 18. d5 h5 19. Be3 Bd6 20. Kg2 Re7 21. Qd2 Rae8 22.
Nb5 Bb8 23. d6 Rd7 24. Bf4 f6 25. Nh3 Qg4 26. Ng1 Bg6 27. b3 Qe6 28. Rad1 b6
29. f3 Qf7 30. Nc3 exf3+ 31. Nxf3 Red8 32. Nd5 Bxd6 33. Bxd6 Rxd6 34. Ne7+ Kh7
35. Qxd6 Rxd6 36. Rxd6 Bc2 37. Nd5 Kh6 38. Ng5 Qb7 39. Re7 Qa8 40. Nf7+ Kg6 41.
Rd8 Qxd8 42. Nxd8 Bxb3 43. Ne6 Bc2 44. Nf8+ Kh6 45. Rxa7 Nb8 46. Ne7 Bh7 47.
Kf2 g5 48. Nd5 Bf5 49. Nxf6 1-0

[Event "11. Online Aktivschach WM"]
[Site "Schachcomputer.info"]
[Date "2015.01.22"]
[Round "4.3"]
[White "Revelation II Vancouver"]
[Black "CM 32 MHz Rebell 1.7, Tasc"]
[Result "1-0"]
[WhiteElo "2332"]
[BlackElo "2200"]
[PlyCount "185"]

1. e4 d6 2. Nf3 Nf6 3. Nc3 e5 4. d4 Nbd7 5. Bc4 Be7 6. O-O exd4 7. Qxd4 Nb6 8.
Bb5+ c6 9. Be2 O-O 10. Bf4 d5 11. exd5 Nbxd5 12. Nxd5 Nxd5 13. Bc4 Bg4 14. Ne5
Bf5 15. c3 Nb6 16. Qe3 Nxc4 17. Nxc4 Qd5 18. Qxe7 Qxc4 19. Qe5 Bd3 20. Rfe1
Rad8 21. Be3 Rfe8 22. Qc7 Qg4 23. Bxa7 Be4 24. Qg3 Qxg3 25. hxg3 f6 26. Be3 Kf7
27. a4 Bd5 28. a5 Bc4 29. Ra4 Bb5 30. Rb4 Re5 31. c4 Ba6 32. Ra1 Kg6 33. Bf4
Ree8 34. b3 Re4 35. Be3 Kf5 36. Kf1 Re5 37. Bf4 Re7 38. Rb6 g5 39. Be3 Re5 40.
Kg1 h5 41. Rb4 Rd3 42. Kh2 Rd8 43. Rb6 Rd7 44. Kh1 Rd8 45. b4 Rd7 46. Rc1 Rde7
47. Kg1 Kg6 48. Kh2 Rd7 49. Kh1 Kf5 50. Kg1 Rde7 51. Bd2 Kg6 52. Rc2 Kf5 53. b5
cxb5 54. f4 Rc5 55. Bb4 Rec7 56. Bxc5 Rxc5 57. fxg5 Kxg5 58. cxb5 Rxc2 59. bxa6
bxa6 60. Rxa6 Rc1+ 61. Kh2 Rc8 62. Re6 Rc5 63. a6 Ra5 64. Rb6 Kf5 65. Kg1 Ra1+
66. Kf2 Ra2+ 67. Ke3 Rxg2 68. Rb5+ Ke6 69. Ra5 Rxg3+ 70. Kd4 Rg8 71. a7 Ra8 72.
Kc5 h4 73. Kb6 Rd8 74. a8=Q Rxa8 75. Rxa8 Kf5 76. Kc5 h3 77. Rh8 Kg4 78. Kd4
Kg3 79. Ke3 Kg2 80. Ke2 h2 81. Rg8+ Kh3 82. Kf2 h1=N+ 83. Kf3 Kh2 84. Rg6 f5
85. Rf6 Kg1 86. Rxf5 Nf2 87. Rd5 Nh3 88. Rc5 Kh1 89. Kg3 Ng1 90. Rh5+ Nh3 91.
Rxh3+ Kg1 92. Kf3 Kf1 93. Rh1# 1-0

[Event "11. Online Aktivschach WM"]
[Site "Schachcomputer.info"]
[Date "2015.01.31"]
[Round "4.4"]
[White "Risc 1MB, Mephisto"]
[Black "R30 Gideon, Tasc"]
[Result "1-0"]
[WhiteElo "2259"]
[BlackElo "2313"]
[PlyCount "131"]

1. e4 d6 2. d4 Nf6 3. Nc3 g6 4. f4 Bg7 5. Nf3 O-O 6. Bd3 Nc6 7. e5 dxe5 8. fxe5
Nh5 9. Be3 Bg4 10. Be2 f6 11. exf6 exf6 12. O-O f5 13. Qd2 f4 14. Bf2 Re8 15.
Rae1 Kf8 16. d5 Nb8 17. Bc5+ Kg8 18. Nd4 Bxe2 19. Rxe2 Rxe2 20. Qxe2 Na6 21.
Ne6 Qd7 22. Qc4 Bxc3 23. bxc3 b5 24. Qb3 Nxc5 25. Nxc5 Qd6 26. Qxb5 Qxd5 27.
Qb3 Qxb3 28. axb3 Rd8 29. Nd3 a6 30. Ra1 Rd6 31. c4 Kf8 32. Nb4 Ng7 33. Rxa6
Rxa6 34. Nxa6 Ne6 35. b4 Ke7 36. Kf2 g5 37. Kf3 Kf6 38. h3 Kf5 39. Ke2 h5 40.
Nc5 Ng7 41. c3 Ne8 42. Nb3 g4 43. hxg4+ hxg4 44. b5 Ke5 45. c5 Kd5 46. Kd3 f3
47. gxf3 g3 48. f4 g2 49. c4+ Ke6 50. Nd4+ Ke7 51. Ne2 Nf6 52. Ke3 Nd7 53. c6
Nb6 54. c5 Na4 55. Kf2 Nxc5 56. Kxg2 Ne4 57. Kf3 Nd6 58. Nd4 Kf6 59. Kg4 Kf7
60. Kg5 Ne4+ 61. Kf5 Nd6+ 62. Ke5 Nc4+ 63. Kd5 Nb6+ 64. Kc5 Na4+ 65. Kb4 Nb6
66. f5 1-0

[Event "11. Online Aktivschach WM"]
[Site "Schachcomputer.info"]
[Date "2015.01.30"]
[Round "4.5"]
[White "Revelation II Lyon"]
[Black "Star Diamond, Novag"]
[Result "1/2-1/2"]
[WhiteElo "2295"]
[BlackElo "2180"]
[PlyCount "148"]

1. e4 c5 2. c3 Nf6 3. e5 Nd5 4. d4 cxd4 5. Qxd4 e6 6. Nf3 Nc6 7. Qe4 d6 8. Nbd2
dxe5 9. Nxe5 Nxe5 10. Qxe5 Qd6 11. Bb5+ Bd7 12. Bxd7+ Qxd7 {Buchende} 13. Nf3 {
Buchende} f6 14. Qh5+ g6 15. Qg4 O-O-O 16. O-O Bc5 17. Bh6 e5 18. Qe4 Nb6 19.
b4 Bf8 20. Be3 Qf5 21. Qxf5+ gxf5 22. Bxb6 axb6 23. Rfd1 Bh6 24. a4 Rxd1+ 25.
Rxd1 Rd8 26. Rxd8+ Kxd8 27. Kf1 Kd7 28. Ke2 Ke6 29. Kd1 e4 30. Nd4+ Ke5 31. h4
f4 32. Nb5 f5 33. Ke2 Kd5 34. Nd4 Bg7 35. Nxf5 Bxc3 36. b5 Ke6 37. g4 h5 38.
Nh6 f3+ 39. Ke3 Kd5 40. g5 Bd4+ 41. Kd2 Bxf2 42. g6 e3+ 43. Kd3 e2 44. g7 e1=Q
45. g8=Q+ Qe6 46. Qg5+ Kd6 47. Qf4+ Kc5 48. Qxf3 Qb3+ 49. Ke2 Qxf3+ 50. Kxf3
Bxh4 51. Nf5 Be1 52. Ne3 Ba5 53. Nf5 Kb4 54. Ng3 Kxa4 55. Nxh5 Kxb5 56. Ng3 Kc4
57. Ke4 b5 58. Ke3 b4 59. Kd2 b3+ 60. Kc1 b5 61. Ne4 Bc3 62. Nd6+ Kc5 63. Ne4+
Kd4 64. Nd6 b4 65. Nb7 Kd3 66. Nc5+ Kc4 67. Na4 Kb5 68. Nb2 Kc5 69. Na4+ Kc4
70. Nb2+ Kb5 71. Nd3 Bd4 72. Kb1 Kc4 73. Nb2+ Kc3 74. Kc1 Be5 1/2-1/2

[Event "11. Online Aktivschach WM"]
[Site "Schachcomputer.info"]
[Date "2015.01.18"]
[Round "4.6"]
[White "CM 14 MHz King 2.54, Tasc"]
[Black "CM 32 MHz Gideon 3.1, Tasc"]
[Result "1-0"]
[WhiteElo "2340"]
[BlackElo "2377"]
[PlyCount "92"]

1. d4 d5 2. c4 c6 3. Nc3 e5 4. dxe5 d4 5. Ne4 Qa5+ 6. Bd2 Qxe5 {Out of Book} 7.
Ng3 Qe6 8. Nf3 {Out of Book} c5 9. e3 Nf6 10. Bd3 dxe3 11. Bxe3 Ng4 12. Bf5
Nxe3 13. Bxe6 Nxd1 14. Bxc8 Nd7 15. Bxd7+ Kxd7 16. Rxd1+ Kc7 17. O-O Re8 18.
Rd5 g6 19. Rfd1 f6 20. Rd7+ Kc8 21. b3 Be7 22. R1d5 h5 23. h4 f5 24. Kf1 Rhg8
25. Ne2 Bd8 26. Rh7 b6 27. Rxa7 Bc7 28. Nc3 Bb8 29. Rad7 Rgf8 30. Rg7 Rg8 31.
Rdd7 Rxg7 32. Rxg7 Re6 33. Nd5 Rd6 34. Ng5 b5 35. Ne7+ Kd8 36. cxb5 Bc7 37.
Nxg6 Kc8 38. Ne7+ Kb8 39. Nc6+ Kc8 40. Ke2 Kb7 41. Re7 Kb6 42. Ne5 Bb8 43. a4
Rd4 44. Nc4+ Rxc4 45. bxc4 Ka5 46. Ne6 Bd6 {schwarz gibt auf} 1-0